Film Disney en 1 seul emoji (expert) - Statistiques

Statistiques générales
  • Ce quiz a été pris 209 fois
  • Le résultat moyen est 24 sur 48
Statistiques - réponses
Hint Réponse % Correct
🦁 Le roi lion
98%
❄️ La reine des neiges
97%
🧜‍♀️ La petite sirène
92%
🧞‍♂️ Aladdin
90%
🌹 La belle et la bête
90%
🏰 La belle et la bête
90%
🎈 Là-haut
83%
🚗 Cars
80%
💤 La belle au bois dormant
80%
🧚‍♀️ Peter pan
80%
🏹 Rebelle
80%
🐘 Dumbo
78%
🐉 Mulan
78%
🌊 Vaiana
75%
🧭 Vaiana, la légende du bout du monde
75%
🐸 La princesse et la grenouille
72%
🐟 Le monde de némo
70%
🕰️ Cendrillon
69%
🧸 Toy story
69%
🐭 Ratatouille
66%
🤖 WALL-E
63%
🦕 Le voyage d'Arlo
58%
🦸‍♂️ Les Indestructibles
55%
🍎 Blanche-neige et les sept nains
52%
🔥 Elémentaire
51%
🧠 Vice-Versa
51%
🎯 Robin des bois
49%
🦌 Bambi
48%
🦊 Zootopie
43%
🐻 Frère des ours
39%
🧵 Raiponce
38%
🪶 Pocahontas
30%
🔔 Le bossu de Notre-Dame
25%
🌺 Lilo & Stitch
24%
🐔 Chicken Little
20%
🌙 Raya et le dernier
20%
🐼 Alerte rouge
17%
🪄 Fantasia
17%
🎼 Coco
16%
🧿 Encanto
16%
🐺 Pinocchio
16%
🏝️ Tarzan
16%
🏴‍☠️ La planète au trésor
14%
🪙 La ferme se rebelle
12%
⚙️ Atlantide, l'empire perdu
10%
🐢 Luca
8%
🌌 Buzz l'Eclair
5%
🐉 Raya et le dernier dragon
2%
Aucun quiz correspondant
Distribution des résultats
% des personnes avec chaque résultat
Percentile par nombre de réponses
Votre historique - résultats
Vous n’avez pas pris ce quiz